000 00272nam a2200121Ia 4500
008 231106s2020 xx 000 0 und d
041 _aeng
082 _a746.62
100 _aERIN LACY
245 _aWOMEN ART & SOCIETY
260 _bSEARCH PRESS
_c2020
300 _aP-112
999 _c920217
_d920217